[Event "Roquetas de Mar op 35th"]
[Site "Roquetas de Mar"]
[Date "2024.01.05"]
[Round "6"]
[White "Camacho Collados, Marcos"]
[Black "Bernado Lopez, Roger"]
[Result "1-0"]
[WhiteElo "2466"]
[BlackElo "2168"]
[PlyCount "105"]
[EventDate "2024.01.02"]
[EventType "swiss"]
[EventRounds "9"]
[EventCountry "ESP"]
[SourceTitle "CB02_2024"]
[SourceDate "2024.01.10"]
[SourceVersion "1"]
[SourceVersionDate "2024.01.10"]
[SourceQuality "1"]

1. e4 e5 2. Nf3 Nc6 3. Bb5 Nf6 4. d3 Bc5 5. Bxc6 dxc6 6. Nbd2 Qe7 7. Qe2 Nd7 8. Nc4 f6 9. Nh4 Nf8 10. 0-0 Be6 11. Be3 0-0-0 12. a4 Kb8 13. Rab1 Bxe3 14. Qxe3 Bxc4 15. dxc4 Qb4 16. b3 Ne6 17. Rfd1 Qc5 18. Qc3 Rd4 19. Re1 Rhd8 20. Nf3 R4d7 21. b4 Qe7 22. c5 Nd4 23. b5 Nxf3+ 24. gxf3 Qe6 25. Kg2 Rd2 26. a5 cxb5 27. Rxb5 a6 28. Rb3 c6 29. Reb1 R2d7 30. Rb6 Qf7 31. Qb4 Ka8 32. h3 Rd1 33. h4 Rxb1 34. Qxb1 Qg6+ 35. Kf1 Rd7 36. Rb3 Qh5 37. Rd3 Qxh4 38. Qb3 Qh3+ 39. Ke2 Rxd3 40. cxd3 Qc8 41. Qf7 Qd8 42. Qxg7 Qxa5 43. Qxf6 Qxc5 44. f4 Qc2+ 45. Kf3 Qxd3+ 46. Kg4 Qxe4 47. Qxe5 Qg2+ 48. Kh5 Qh3+ 49. Kg5 Qg2+ 50. Kf6 Qxf2 51. f5 c5 52. Ke7 c4 53. f6 1-0

[Event "Roquetas de Mar op 35th"]
[Site "Roquetas de Mar"]
[Date "2024.01.04"]
[Round "4"]
[White "Camacho Collados, Marcos"]
[Black "Romero Calduch, Sergio"]
[Result "0-1"]
[WhiteElo "2466"]
[BlackElo "2208"]
[PlyCount "64"]
[EventDate "2024.01.02"]
[EventType "swiss"]
[EventRounds "9"]
[EventCountry "ESP"]
[SourceTitle "CB02_2024"]
[SourceDate "2024.01.10"]
[SourceVersion "1"]
[SourceVersionDate "2024.01.10"]
[SourceQuality "1"]

1. e4 c6 2. d4 d5 3. exd5 cxd5 4. Bd3 Nc6 5. c3 Qc7 6. h3 g6 7. Qc2 Bf5 8. Bxf5 gxf5 9. Ne2 e6 10. g4 fxg4 11. hxg4 Nf6 12. f3 0-0-0 13. Bg5 Be7 14. Nd2 h5 15. Bf4 Qa5 16. g5 Ne8 17. g6 f6 18. Nb3 Qa4 19. Qd3 Ng7 20. Bh2 e5 21. 0-0-0 Qxa2 22. Kc2 Qa6 23. Qxa6 bxa6 24. Ra1 Rh6 25. dxe5 fxe5 26. Rxa6 Rxg6 27. Ra4 Rg2 28. Kd1 Nf5 29. Nbc1 d4 30. cxd4 Ncxd4 31. Bxe5 Nxe2+ 32. Ke1 Ne3 0-1

[Event "Roquetas de Mar op 35th"]
[Site "Roquetas de Mar"]
[Date "2024.01.02"]
[Round "1"]
[White "Alvarez Morales, Miguel"]
[Black "Camacho Collados, Marcos"]
[Result "0-1"]
[WhiteElo "2043"]
[BlackElo "2466"]
[PlyCount "90"]
[EventDate "2024.01.02"]
[EventType "swiss"]
[EventRounds "9"]
[EventCountry "ESP"]
[SourceTitle "CB02_2024"]
[SourceDate "2024.01.10"]
[SourceVersion "1"]
[SourceVersionDate "2024.01.10"]
[SourceQuality "1"]

1. d4 Nf6 2. c4 e6 3. a3 d5 4. Nf3 dxc4 5. Qa4+ Nbd7 6. Nc3 a6 7. Bg5 Be7 8. Qxc4 b5 9. Qd3 c5 10. e3 Bb7 11. Be2 Rc8 12. 0-0 0-0 13. Rad1 b4 14. axb4 cxb4 15. Na4 Be4 16. Qd2 Rc2 17. Qe1 Qa5 18. Bxf6 Nxf6 19. Ra1 Qc7 20. Bd1 Rc1 21. Rxc1 Qxc1 22. Qe2 Qc8 23. Nd2 Bc6 24. Nc4 Bb5 25. Bb3 Qc6 26. Ra1 Rc8 27. Nab6 Rb8 28. Na4 Nd7 29. Qf3 Qc8 30. Nd2 Rb7 31. h4 Rc7 32. Ne4 Rc1+ 33. Rxc1 Qxc1+ 34. Kh2 Qc6 35. Ng5 Bxg5 36. Qxc6 Bxc6 37. hxg5 a5 38. Nc5 Nxc5 39. dxc5 a4 40. Bc2 a3 41. bxa3 bxa3 42. Bb1 Kf8 43. f3 Bd5 44. c6 Ke7 45. e4 a2 0-1

[Event "ESP-ch 88th"]
[Site "Marbella"]
[Date "2023.10.17"]
[Round "5"]
[White "Alshameary Puente, Ismael"]
[Black "Camacho Collados, Marcos"]
[Result "0-1"]
[WhiteElo "2307"]
[BlackElo "2474"]
[PlyCount "130"]
[EventDate "2023.10.13"]
[EventType "swiss"]
[EventRounds "9"]
[EventCountry "ESP"]
[SourceTitle "Mega2024 Update 01"]
[Source "Chessbase"]
[SourceDate "2023.11.12"]
[SourceVersion "1"]
[SourceVersionDate "2023.11.12"]
[SourceQuality "1"]

1. d4 Nf6 2. c4 e6 3. Nc3 Bb4 4. e3 Bxc3+ 5. bxc3 c5 6. Bd3 b6 7. e4 Bb7 8. f3 d6 9. Ne2 Qe7 10. d5 e5 11. a4 a5 12. Ng3 g6 13. h4 Nbd7 14. Bh6 0-0-0 15. Qd2 Rhg8 16. Bg5 Kc7 17. Nf1 h5 18. Rb1 Ra8 19. Qb2 Ra6 20. Ne3 Qf8 21. Nc2 Nh7 22. Bc1 Ra8 23. Ne3 Re8 24. g4 Rh8 25. Bf1 Ba6 26. Bh3 hxg4 27. fxg4 Rb8 28. Qf2 Nhf6 29. Bg2 Qe7 30. Kd1 Bc8 31. Rf1 Rh7 32. Bd2 Ne8 33. Kc2 Ndf6 34. Qg3 Qd7 35. Kb3 Ng8 36. Rf2 Kb7 37. Rbf1 Ka7 38. Nc2 f6 39. g5 b5 40. axb5 Rxb5+ 41. cxb5 Qxb5+ 42. Nb4 Ba6 43. Ra1 Rb7 44. Bf1 c4+ 45. Kc2 Ka8 46. gxf6 Ngxf6 47. Qxg6 axb4 48. cxb4 Rg7 49. Qf5 Kb8 50. Bg5 Rb7 51. Bh3 Nd7 52. Qe6 Nc5 53. Qc8+ Ka7 54. Bd2 c3 55. Bf1 Qxb4 56. Rxa6+ Nxa6 57. Bxc3 Qxe4+ 58. Bd3 Qxh4 59. Re2 Qa4+ 60. Kd2 Nc5 61. Qc6 Qf4+ 62. Kc2 Qf1 63. Be1 Qf3 64. Bc4 Qg4 65. Kc3 Qd4+ 0-1

[Event "ESP-ch 88th"]
[Site "Marbella"]
[Date "2023.10.14"]
[Round "2"]
[White "Camacho Collados, Marcos"]
[Black "Habans Aguerrea, Javier"]
[Result "0-1"]
[WhiteElo "2474"]
[BlackElo "2335"]
[PlyCount "68"]
[EventDate "2023.10.13"]
[EventType "swiss"]
[EventRounds "9"]
[EventCountry "ESP"]
[SourceTitle "Mega2024 Update 01"]
[Source "Chessbase"]
[SourceDate "2023.11.12"]
[SourceVersion "1"]
[SourceVersionDate "2023.11.12"]
[SourceQuality "1"]

1. e4 c6 2. d4 d5 3. exd5 cxd5 4. Bd3 Nf6 5. h3 g6 6. c3 Bf5 7. Bxf5 gxf5 8. Ne2 Nc6 9. Bf4 e6 10. Qb3 Qd7 11. Nd2 0-0-0 12. Nf3 Rg8 13. Ne5 Nxe5 14. dxe5 Ne4 15. 0-0 Bc5 16. Nd4 Qe7 17. Kh2 Rg6 18. Qc2 Rdg8 19. Rg1 f6 20. b4 Bb6 21. f3 fxe5 22. fxe4 fxe4 23. Bxe5 Qg5 24. Bd6 Kd7 25. Rad1 Kxd6 26. Kh1 Ke7 27. c4 Bc7 28. Nb5 Be5 29. cxd5 Qg3 30. Qc5+ Kf6 31. Rgf1+ Kg7 32. Qg1 Kh8 33. Rd2 Rh6 34. Re2 Rxh3+ 0-1

[Event "ESP-ch 88th"]
[Site "Marbella"]
[Date "2023.10.13"]
[Round "1"]
[White "Barbazan Bilbao, Xabier"]
[Black "Camacho Collados, Marcos"]
[Result "0-1"]
[WhiteElo "2168"]
[BlackElo "2474"]
[PlyCount "94"]
[EventDate "2023.10.13"]
[EventType "swiss"]
[EventRounds "9"]
[EventCountry "ESP"]
[SourceTitle "Mega2024 Update 01"]
[Source "Chessbase"]
[SourceDate "2023.11.12"]
[SourceVersion "1"]
[SourceVersionDate "2023.11.12"]
[SourceQuality "1"]

1. d4 Nf6 2. c4 e6 3. Nf3 h6 4. g3 d5 5. Bg2 Bd6 6. 0-0 0-0 7. b3 b6 8. Bb2 Bb7 9. Nc3 Nbd7 10. Nd2 c5 11. dxc5 Bxc5 12. cxd5 exd5 13. Nc4 b5 14. Nxb5 Ba6 15. Nca3 Re8 16. Nd4 Ne4 17. Nac2 Ne5 18. Ne3 h5 19. Rc1 Bb6 20. Ndf5 g6 21. Bxe4 dxe4 22. Nd6 Bxe2 23. Qd5 Nf3+ 24. Kh1 Re6 25. Nxe4 Bxe3 26. Qxd8+ Rxd8 27. Nf6+ Rxf6 28. Bxf6 Bxc1 29. Rxc1 Rd1+ 30. Rxd1 Bxd1 31. Bc3 Kf8 32. Kg2 Ke7 33. h3 Ke6 34. g4 h4 35. a4 Kd5 36. Bf6 Ke4 37. a5 Bxb3 38. Be7 a6 39. Bd8 Bd5 40. Be7 Kd3 41. Kf1 Kc4 42. Bd8 Kb5 43. Ke2 Ng1+ 44. Ke3 Nxh3 45. Kd4 Be6 46. f3 Ng1 47. Ke3 h3 0-1

[Event "Titled Tuesday intern op 26th Sep Late"]
[Site "Chess.com INT"]
[Date "2023.09.26"]
[Round "1"]
[White "Zhigalko, Sergei"]
[Black "Camacho Collados, Marcos"]
[Result "1-0"]
[WhiteElo "2572"]
[BlackElo "2468"]
[PlyCount "41"]
[EventDate "2023.09.26"]
[EventType "swiss (blitz)"]
[EventRounds "11"]
[EventCountry "USA"]
[SourceTitle "EXT 2024"]
[Source "ChessBase"]
[SourceDate "2023.10.10"]
[SourceVersion "1"]
[SourceVersionDate "2023.10.10"]
[SourceQuality "1"]

1. e4 e5 2. Nf3 Nc6 3. Bc4 Bc5 4. b4 Bxb4 5. c3 Bd6 6. d4 Nf6 7. 0-0 0-0 8. Nbd2 Re8 9. Ng5 Rf8 10. f4 exd4 11. e5 dxc3 12. exf6 Qxf6 13. Nde4 Qf5 14. Nxd6 Qc5+ 15. Kh1 cxd6 16. Qd3 g6 17. Be3 Qf5 18. Qxc3 h6 19. Bd3 Qd5 20. Ne4 b5 21. Nf6+ 1-0

[Event "ESP-chT CECLUB Honor"]
[Site "Linares"]
[Date "2023.09.20"]
[Round "5.4"]
[White "Camacho Collados, Marcos"]
[Black "Quintin Navarro, Alberto"]
[Result "1/2-1/2"]
[WhiteElo "2468"]
[BlackElo "2356"]
[PlyCount "111"]
[EventDate "2023.09.16"]
[EventType "team-tourn"]
[EventRounds "7"]
[EventCountry "ESP"]
[SourceTitle "EXT 2024"]
[Source "ChessBase"]
[SourceDate "2023.10.10"]
[SourceVersion "1"]
[SourceVersionDate "2023.10.10"]
[SourceQuality "1"]
[WhiteTeam "Costa Calida"]
[BlackTeam "Casablanca MyInvestor"]
[WhiteTeamCountry "ESP"]
[BlackTeamCountry "ESP"]

1. e4 e5 2. Nf3 Nf6 3. Nc3 Nc6 4. h3 Bb4 5. Nd5 Nxd5 6. exd5 e4 7. dxc6 exf3 8. Qxf3 dxc6 9. Bc4 Qe7+ 10. Kd1 0-0 11. Re1 Qd8 12. Re2 Bd7 13. a3 Be7 14. Ke1 Bf6 15. Kf1 Re8 16. Re3 Qc8 17. c3 Be6 18. Bxe6 Rxe6 19. d4 Qd7 20. Rxe6 Qxe6 21. Bf4 Qd7 22. Re1 Be7 23. Qe4 Bf8 24. h4 h5 25. Re3 Rd8 26. Qf3 c5 27. Qxh5 cxd4 28. Rd3 c5 29. cxd4 Qb5 30. Qe2 cxd4 31. Bg5 Rd5 32. Kg1 Re5 33. Qd2 Re1+ 34. Qxe1 Qxd3 35. Qe8 Qb1+ 36. Kh2 Qf5 37. Kg3 d3 38. Qd8 Qe4 39. Bd2 Qe5+ 40. f4 Qxb2 41. Bb4 d2 42. Qxf8+ Kh7 43. Bxd2 Qxd2 44. Qxf7 Qe1+ 45. Kg4 Qe2+ 46. Kh3 Qd3+ 47. Kh2 Qxa3 48. Qxb7 a5 49. Qe4+ Kg8 50. Qe6+ Kf8 51. Qc8+ Kf7 52. Qd7+ Kf8 53. Qf5+ Ke7 54. Qe5+ Kf8 55. Qf5+ Ke7 56. Qe5+ 1/2-1/2

[Event "Titled Tuesday intern op 12th Sep Late"]
[Site "Chess.com INT"]
[Date "2023.09.12"]
[Round "1"]
[White "Camacho Collados, Marcos"]
[Black "Bok, Benjamin"]
[Result "0-1"]
[WhiteElo "2468"]
[BlackElo "2621"]
[PlyCount "92"]
[EventDate "2023.09.12"]
[EventType "swiss (blitz)"]
[EventRounds "11"]
[EventCountry "USA"]
[SourceTitle "EXT 2024"]
[Source "ChessBase"]
[SourceDate "2023.10.10"]
[SourceVersion "1"]
[SourceVersionDate "2023.10.10"]
[SourceQuality "1"]

1. Nf3 d5 2. g3 c6 3. Bg2 Bg4 4. h3 Bh5 5. 0-0 Nd7 6. d3 Ngf6 7. Nbd2 e5 8. e4 dxe4 9. dxe4 Bc5 10. Qe1 0-0 11. Nc4 Qc7 12. Nh4 Rfd8 13. a4 Ne8 14. g4 Bg6 15. Ne3 Nf8 16. Nef5 Ne6 17. Be3 Bxe3 18. fxe3 Nd6 19. Qc3 f6 20. Rad1 Bf7 21. Qb4 c5 22. Qc3 b6 23. Rd2 Ng5 24. Nxd6 Rxd6 25. Rfd1 Rad8 26. Nf5 Rxd2 27. Rxd2 Rd7 28. h4 Ne6 29. g5 Rxd2 30. Qxd2 fxg5 31. hxg5 Nxg5 32. a5 bxa5 33. Qc3 h6 34. Ng3 a4 35. Nf5 a5 36. Qd3 c4 37. Qd2 c3 38. Qc1 Qc5 39. Qa1 cxb2 40. Qxb2 a3 41. Qb8+ Kh7 42. Qb7 a2 43. Qb2 Qb4 44. Qxe5 Qe1+ 45. Kh2 a1Q 46. c3 Qaxc3 0-1

[Event "Titled Tuesday intern op 11th Jul Early"]
[Site "Chess.com INT"]
[Date "2023.07.11"]
[Round "6"]
[White "Camacho Collados, Marcos"]
[Black "Bogaudinov, Rushan"]
[Result "1-0"]
[WhiteElo "2468"]
[BlackElo "1939"]
[PlyCount "51"]
[EventDate "2023.07.11"]
[EventType "swiss (blitz)"]
[EventRounds "11"]
[EventCountry "USA"]
[SourceTitle "EXT 2024"]
[Source "ChessBase"]
[SourceDate "2023.10.10"]
[SourceVersion "1"]
[SourceVersionDate "2023.10.10"]
[SourceQuality "1"]

1. Nf3 d5 2. g3 e6 3. Bg2 Nf6 4. 0-0 Be7 5. d3 0-0 6. Nbd2 b6 7. e4 Bb7 8. e5 Nfd7 9. Re1 c5 10. Nf1 Nc6 11. h4 Qc7 12. Bf4 b5 13. h5 b4 14. h6 g6 15. N1h2 a5 16. Ng4 a4 17. a3 bxa3 18. bxa3 Ba6 19. Qd2 Qa5 20. Qc1 Rab8 21. Bg5 Rb7 22. Bxe7 Nxe7 23. Qg5 Qd8 24. Nf6+ Kh8 25. Nxd7 Rxd7 26. Qf6+ 1-0

[Event "Titled Tuesday intern op 11th Jul Early"]
[Site "Chess.com INT"]
[Date "2023.07.11"]
[Round "8"]
[White "Camacho Collados, Marcos"]
[Black "Borgaonkar, Akshay"]
[Result "0-1"]
[WhiteElo "2468"]
[BlackElo "2076"]
[PlyCount "62"]
[EventDate "2023.07.11"]
[EventType "swiss (blitz)"]
[EventRounds "11"]
[EventCountry "USA"]
[SourceTitle "EXT 2024"]
[Source "ChessBase"]
[SourceDate "2023.10.10"]
[SourceVersion "1"]
[SourceVersionDate "2023.10.10"]
[SourceQuality "1"]

1. Nf3 Nf6 2. g3 g6 3. Bg2 Bg7 4. 0-0 0-0 5. b3 b6 6. Bb2 Bb7 7. c4 c5 8. Nc3 Nc6 9. d4 d5 10. cxd5 Nxd4 11. e4 e5 12. Nxd4 exd4 13. Nb1 Re8 14. Nd2 Qd7 15. Rc1 Ng4 16. Re1 Ne5 17. Nc4 Nxc4 18. bxc4 b5 19. cxb5 Qxb5 20. Rb1 Qa5 21. Qg4 Bxd5 22. Qe2 Be6 23. e5 c4 24. Bxd4 Rad8 25. Qe3 Qxa2 26. Bxa7 Bf5 27. Ra1 Qb3 28. Bd4 Qxe3 29. Rxe3 Rxd4 30. Bc6 Red8 31. e6 Bxe6 0-1

[Event "Titled Tuesday intern op 11th Jul Early"]
[Site "Chess.com INT"]
[Date "2023.07.11"]
[Round "3"]
[White "Camacho Collados, Marcos"]
[Black "Kantor, Gergely"]
[Result "0-1"]
[WhiteElo "2468"]
[BlackElo "2527"]
[PlyCount "62"]
[EventDate "2023.07.11"]
[EventType "swiss (blitz)"]
[EventRounds "11"]
[EventCountry "USA"]
[SourceTitle "EXT 2024"]
[Source "ChessBase"]
[SourceDate "2023.10.10"]
[SourceVersion "1"]
[SourceVersionDate "2023.10.10"]
[SourceQuality "1"]

1. Nf3 e6 2. g3 g5 3. d4 g4 4. Nfd2 Bg7 5. c3 h5 6. e4 d5 7. Bg2 Ne7 8. h4 b6 9. exd5 Bb7 10. c4 exd5 11. 0-0 Nbc6 12. cxd5 Nxd4 13. Nc3 Qd7 14. Nb3 Nxb3 15. Qxb3 0-0-0 16. Bg5 f6 17. Bf4 Ng6 18. Nb5 Nxf4 19. Nxa7+ Kb8 20. Nc6+ Bxc6 21. dxc6 Ne2+ 22. Kh1 Qd3 23. Qa4 Rd4 24. b4 Nc3 25. Qb3 Nd5 26. Qxd3 Rxd3 27. a4 f5 28. b5 Bxa1 29. Rxa1 Nc3 30. Ra3 Rhd8 31. a5 Nxb5 0-1

[Event "Titled Tuesday intern op 11th Jul Late"]
[Site "Chess.com INT"]
[Date "2023.07.11"]
[Round "1"]
[White "Camacho Collados, Marcos"]
[Black "Svane, Rasmus"]
[Result "0-1"]
[WhiteElo "2468"]
[BlackElo "2625"]
[PlyCount "92"]
[EventDate "2023.07.11"]
[EventType "swiss (blitz)"]
[EventRounds "11"]
[EventCountry "USA"]
[SourceTitle "EXT 2024"]
[Source "ChessBase"]
[SourceDate "2023.10.10"]
[SourceVersion "1"]
[SourceVersionDate "2023.10.10"]
[SourceQuality "1"]

1. Nf3 d5 2. g3 Nf6 3. Bg2 e6 4. 0-0 Be7 5. d3 0-0 6. Nbd2 Nc6 7. e4 dxe4 8. dxe4 e5 9. c3 a5 10. Qc2 Bc5 11. Nc4 Qe7 12. Be3 Be6 13. Bxc5 Qxc5 14. Ne3 Rfd8 15. Nf5 Bxf5 16. exf5 e4 17. Nh4 Nd4 18. Qb1 Nxf5 19. Nxf5 Qxf5 20. Qe1 a4 21. Rd1 Qb5 22. Rd2 Rd5 23. Qc1 Qc4 24. Rfd1 Rxd2 25. Qxd2 h6 26. Qc2 Qxa2 27. Bxe4 Nxe4 28. Qxe4 Qxb2 29. Rb1 Qxc3 30. Rxb7 a3 31. Rxc7 Qa5 32. Qc4 Qe1+ 33. Kg2 Qe6 34. Qxe6 fxe6 35. Rc1 a2 36. Ra1 Kf7 37. Kf3 Kf6 38. Ke4 g5 39. Kd4 g4 40. Ke4 h5 41. Ke3 Ke5 42. f4+ Kd5 43. Kd3 Ra7 44. Ke3 Kc4 45. Kd2 Kd4 46. Ke2 Kc3 0-1

[Event "Titled Tuesday intern op 11th Jul Late"]
[Site "Chess.com INT"]
[Date "2023.07.11"]
[Round "2"]
[White "Cooper, Aaron"]
[Black "Camacho Collados, Marcos"]
[Result "1-0"]
[WhiteElo "1904"]
[BlackElo "2468"]
[PlyCount "133"]
[EventDate "2023.07.11"]
[EventType "swiss (blitz)"]
[EventRounds "11"]
[EventCountry "USA"]
[SourceTitle "EXT 2024"]
[Source "ChessBase"]
[SourceDate "2023.10.10"]
[SourceVersion "1"]
[SourceVersionDate "2023.10.10"]
[SourceQuality "1"]

1. b4 e5 2. Bb2 d6 3. c4 Nf6 4. e3 g6 5. Nf3 Bg7 6. d4 e4 7. Nfd2 0-0 8. Nc3 Re8 9. Be2 h5 10. h3 c6 11. Qb3 b6 12. d5 c5 13. a3 Bf5 14. Rg1 Qd7 15. 0-0-0 cxb4 16. axb4 a5 17. b5 h4 18. Na4 Qc7 19. Bd4 Nbd7 20. Qb2 Rec8 21. Kb1 Rab8 22. Rc1 Qd8 23. Bg4 Bxg4 24. hxg4 Nc5 25. Nxc5 bxc5 26. Bc3 Ne8 27. Nxe4 Bxc3 28. Qxc3 Qe7 29. f3 f5 30. gxf5 gxf5 31. Nd2 Qf6 32. g3 Qxc3 33. Rxc3 hxg3 34. Rxg3+ Kf7 35. Rc1 Nf6 36. Rcg1 Rg8 37. Rxg8 Nxg8 38. Kc2 Ne7 39. Kd3 Ng6 40. f4 Nh4 41. Rg5 Kf6 42. Rh5 Ng2 43. Nf3 Re8 44. Rh6+ Kg7 45. Re6 Rd8 46. b6 a4 47. Re7+ Kf6 48. Ra7 Rb8 49. b7 a3 50. Nd2 a2 51. Nb3 Ne1+ 52. Kd2 Nf3+ 53. Kc3 Ke7 54. Kb2 Kd7 55. Kxa2 Kc7 56. Na5 Nd2 57. Ra6 Nf1 58. Rc6+ Kd7 59. Rb6 Kc7 60. Rb3 Nxe3 61. Rxe3 Kb6 62. Ra3 Re8 63. Kb3 Re3+ 64. Ka4 Re8 65. Rb3+ Ka6 66. b8Q Rxb8 67. Rxb8 1-0

[Event "Titled Tuesday intern op 04th Jul Late"]
[Site "Chess.com INT"]
[Date "2023.07.04"]
[Round "9"]
[White "Camacho Collados, Marcos"]
[Black "Dobrijevic, Milan"]
[Result "0-1"]
[WhiteElo "2468"]
[BlackElo "2208"]
[PlyCount "86"]
[EventDate "2023.07.04"]
[EventType "swiss (blitz)"]
[EventRounds "11"]
[EventCountry "USA"]
[SourceTitle "EXT 2024"]
[Source "ChessBase"]
[SourceDate "2023.10.10"]
[SourceVersion "1"]
[SourceVersionDate "2023.10.10"]
[SourceQuality "1"]

1. Nf3 Nf6 2. g3 g6 3. Bg2 Bg7 4. 0-0 0-0 5. d3 d5 6. Nbd2 Nc6 7. e4 e5 8. Re1 Re8 9. exd5 Nxd5 10. c3 h6 11. a4 b6 12. Nc4 Bb7 13. a5 Nxa5 14. Nxa5 bxa5 15. Rxa5 Nb6 16. Nxe5 Bxg2 17. Kxg2 Qd6 18. Bf4 g5 19. Qh5 Re7 20. Nxf7 Qc6+ 21. Re4 Rxf7 22. Be3 Nd5 23. Bxa7 Nf6 24. Qg6 Qb7 25. Bd4 Rxa5 26. Bxf6 Rxf6 27. Qe8+ Rf8 28. Qe6+ Kh8 29. f3 Raf5 30. Re3 Qxb2+ 31. Kh3 Qb1 32. Kg4 Qb6 33. Re4 Qxe6 34. Rxe6 Rxf3 35. Kh5 Rxd3 36. h4 gxh4 37. g4 Rd5+ 38. Kxh4 Rd6 39. Re7 Bxc3 40. Kh5 Bg7 41. Re1 Rd5+ 42. Kh4 Re5 43. Rf1 Rxf1 0-1

[Event "Titled Tuesday intern op 04th Jul Late"]
[Site "Chess.com INT"]
[Date "2023.07.04"]
[Round "5"]
[White "Camacho Collados, Marcos"]
[Black "Rodriguez Santiago, Jaime"]
[Result "1-0"]
[WhiteElo "2468"]
[BlackElo "2020"]
[PlyCount "97"]
[EventDate "2023.07.04"]
[EventType "swiss (blitz)"]
[EventRounds "11"]
[EventCountry "USA"]
[SourceTitle "EXT 2024"]
[Source "ChessBase"]
[SourceDate "2023.10.10"]
[SourceVersion "1"]
[SourceVersionDate "2023.10.10"]
[SourceQuality "1"]

1. Nf3 Nf6 2. g3 d5 3. Bg2 c5 4. 0-0 Nc6 5. d3 e6 6. Nbd2 Be7 7. e4 b6 8. Re1 0-0 9. e5 Nd7 10. Nf1 Bb7 11. h4 d4 12. N1h2 Qc7 13. Bf4 Nb4 14. h5 Nd5 15. Bd2 h6 16. Ng4 Kh7 17. Qc1 Rh8 18. c4 dxc3 19. bxc3 Kg8 20. a3 Bf8 21. c4 Ne7 22. Nh4 Bxg2 23. Kxg2 Rd8 24. Kg1 Nf5 25. Bf4 Nxh4 26. gxh4 Be7 27. Bg3 Nb8 28. Qe3 Rd4 29. Qf3 Qd8 30. Re4 Rxd3 31. Qg2 Nc6 32. Nf6+ Bxf6 33. exf6 Qxf6 34. Rae1 Kh7 35. Rf4 Qe7 36. Qe4+ f5 37. Qxd3 Rd8 38. Qe2 Nd4 39. Rxd4 Rxd4 40. Qxe6 Qxe6 41. Rxe6 f4 42. Bh2 Rxc4 43. Kg2 Rc3 44. Bxf4 Rxa3 45. Re7 Ra4 46. Kg3 Ra3+ 47. f3 Ra1 48. Be5 Rg1+ 49. Kf2 1-0

[Event "Titled Tuesday intern op 04th Jul Late"]
[Site "Chess.com INT"]
[Date "2023.07.04"]
[Round "8"]
[White "Veljanoski, Andrej"]
[Black "Camacho Collados, Marcos"]
[Result "1-0"]
[WhiteElo "2327"]
[BlackElo "2468"]
[PlyCount "55"]
[EventDate "2023.07.04"]
[EventType "swiss (blitz)"]
[EventRounds "11"]
[EventCountry "USA"]
[SourceTitle "EXT 2024"]
[Source "ChessBase"]
[SourceDate "2023.10.10"]
[SourceVersion "1"]
[SourceVersionDate "2023.10.10"]
[SourceQuality "1"]

1. g3 e5 2. Bg2 Nc6 3. c4 h5 4. h3 Bc5 5. Nc3 Nge7 6. d3 d6 7. Nf3 Ng6 8. Bg5 f6 9. Bd2 h4 10. g4 Be6 11. Qc2 Qd7 12. d4 Nxd4 13. Nxd4 exd4 14. Qxg6+ Bf7 15. Qe4+ Kf8 16. Qxb7 Re8 17. Nd5 Qe6 18. Bf3 d3 19. Nxc7 Qxc4 20. Nxe8 Bxe8 21. Qd5 Qa6 22. Qxd3 Bb5 23. Qe4 Kf7 24. Qd5+ Kf8 25. 0-0 Be8 26. Rac1 Qb5 27. b4 Bf7 28. Qa8+ 1-0

[Event "Titled Tuesday intern op 27th Jun Late"]
[Site "Chess.com INT"]
[Date "2023.06.27"]
[Round "5"]
[White "Hansen, Eric"]
[Black "Camacho Collados, Marcos"]
[Result "1-0"]
[WhiteElo "2609"]
[BlackElo "2469"]
[PlyCount "53"]
[EventDate "2023.06.27"]
[EventType "swiss (blitz)"]
[EventRounds "11"]
[EventCountry "USA"]
[SourceTitle "EXT 2024"]
[Source "ChessBase"]
[SourceDate "2023.10.10"]
[SourceVersion "1"]
[SourceVersionDate "2023.10.10"]
[SourceQuality "1"]

1. d4 Nf6 2. c4 e6 3. Nc3 Bb4 4. e3 0-0 5. Nge2 d6 6. a3 Bxc3+ 7. Nxc3 Nbd7 8. e4 e5 9. Be3 a5 10. f3 Re8 11. Be2 Nh5 12. 0-0 b6 13. Rf2 Bb7 14. Bf1 Nf4 15. b4 exd4 16. Bxd4 Qg5 17. Kh1 Re6 18. g3 Rg6 19. Nd5 Nh5 20. f4 Nxg3+ 21. hxg3 Qxg3 22. Rg2 Qh4+ 23. Rh2 Qg3 24. Rh3 Rh6 25. Rxh6 gxh6 26. Qd3 Qg6 27. Ne7+ 1-0

[Event "Pula op 35th"]
[Site "Pula"]
[Date "2023.06.24"]
[Round "8"]
[White "Camacho Collados, Marcos"]
[Black "Malesevic, Nedeljko"]
[Result "1-0"]
[WhiteElo "2469"]
[BlackElo "2206"]
[PlyCount "45"]
[EventDate "2023.06.17"]
[EventType "swiss"]
[EventRounds "9"]
[EventCountry "CRO"]
[SourceTitle "CBM 214 Extra"]
[Source "ChessBase"]
[SourceDate "2023.07.31"]
[SourceVersion "1"]
[SourceVersionDate "2023.07.31"]
[SourceQuality "1"]

1. e4 c6 2. d3 d5 3. Nd2 e5 4. Ngf3 Bd6 5. d4 exd4 6. Bd3 dxe4 7. Nxe4 Nf6 8. Nxf6+ Qxf6 9. 0-0 h6 10. Re1+ Kf8 11. Re4 c5 12. Qe2 Bd7 13. Ne5 Bc6 14. Bf4 Bxe4 15. Qxe4 Bxe5 16. Bxe5 Qc6 17. Qg4 f6 18. Qf4 Ke7 19. Bc7 Rc8 20. Re1+ Kf8 21. Bd6+ Kg8 22. Qf5 Qxd6 23. Qxc8+ 1-0

[Event "Alicante Easter op 7th"]
[Site "La Nucia"]
[Date "2023.04.10"]
[Round "9"]
[White "Camacho Collados, Marcos"]
[Black "Veiga, Jose Francisco RP"]
[Result "1-0"]
[WhiteElo "2465"]
[BlackElo "2403"]
[PlyCount "113"]
[EventDate "2023.04.05"]
[EventType "swiss"]
[EventRounds "9"]
[EventCountry "ESP"]
[SourceTitle "CBM 213 Extra"]
[Source "ChessBase"]
[SourceDate "2023.05.31"]
[SourceVersion "1"]
[SourceVersionDate "2023.05.31"]
[SourceQuality "1"]

1. e4 e5 2. Nf3 Nc6 3. Bc4 Bc5 4. 0-0 Nf6 5. d3 d6 6. a4 a6 7. Be3 0-0 8. Bxc5 dxc5 9. a5 b5 10. axb6 cxb6 11. h3 Qd6 12. Nc3 Nb4 13. Ne2 Be6 14. c3 Bxc4 15. dxc4 Qxd1 16. Rfxd1 Nc6 17. Ng3 Rfc8 18. Rd6 Kf8 19. Ng5 h6 20. Nf3 a5 21. Kf1 Ne8 22. Rd7 Nf6 23. Rb7 Rab8 24. Rxb8 Rxb8 25. Rd1 Rc8 26. Rd6 Rc7 27. Ke2 Ne8 28. Rd3 Nf6 29. Nd2 g6 30. Ngf1 Rd7 31. Rf3 Ke7 32. Ne3 Nd8 33. h4 h5 34. Rh3 Nb7 35. Rh1 Nd6 36. f3 Ra7 37. Kd3 Ra8 38. Kc2 Kd7 39. Nb1 Kc6 40. Na3 Rd8 41. Kb3 Nb7 42. Kc2 Nd6 43. Rf1 Re8 44. Rd1 Rd8 45. Rd2 Nb7 46. Rf2 Nd6 47. Kb3 Nb7 48. Nd5 Nxd5 49. cxd5+ Kc7 50. f4 exf4 51. Nb5+ Kd7 52. Rxf4 Ke7 53. Na7 Ke8 54. Nc6 Rd7 55. c4 Nd6 56. e5 Nf5 57. Ka4 1-0